LEADER 01054nam a2200241 i 4500 001 000000203025 003 CaOOAMICUS 005 20110613000000.0 008 110613s1978 it u000 u ita u 013 $a181737 040 $aSeMil$bita 245 10$aGiancarlo Puecher :$bla fede nella ragione /$cA cura del Unitario Antifascista Comitato. 260 $a[S.l. :$bs.n.],$c1978$e(Canzo (Como) :$fNuova Tipografia,$g1978) 300 $a28 p. ;$c21 cm. 500 $aTitolo dalla copertina. - Da nota ms. : Copia corretta. 600 14$aPuecher, Giancarlo <1923-1943>.$0(OLS)http://semarc/subject/6251 700 1 $aComitato Unitario Antifascista .$0(OLS)http://semarc/name/73327 700 1 $aPuecher, Giancarlo.$0(OLS)http://semarc/name/73326 850 $aSeMil 852 $aSeMil$W1$xVenegono$y1$m5D VIII 26/23$j153521$B153521$CSeMilBibl$Z2$F164449 $81 961 $aOmaggio: Altro 996 $6245$aGiancarlo Puecher :$bla fede nella ragione$9(OLS)http://semarc/title/293894 996 $6260$a[S.l. :$bs.n.]$9(OLS)http://semarc/publisher/29751 LEADER 01073nam a2200253 i 4500 001 000000203401 003 CaOOAMICUS 005 20110628000000.0 008 110628s1967 it u000 u ita u 013 $a182113 040 $aSeMil$bita 100 1 $aAbdel Kader, A. Razak.$0(OLS)http://semarc/name/73442 240 13$aLe monde Arabe a la veille dun tournant.$0(OLS)http://semarc/title/294554 245 13$aIl mondo Arabo alla vigilia di una svolta /$cA. Razak Abdel-Kader. 260 $aMilano :$bJaca Book,$ccopyr. 1967. 300 $a247 p. ;$c21 cm. 490 0 $aSaggi ;$v10 500 $aContiene : Appendice all'edizione italiana ; Nota biografica. 650 4$aPaesi arabi - Storia - Sec. 20.$0(OLS)http://semarc/subject/38304 830 0$aSaggi ;$v10.$0(OLS)http://semarc/title/341 850 $aSeMil 852 $aSeMil$W1$xVenegono$y1$m3U II 261$j153895$B153895$CSeMilBibl$Z2$F164762 $81 996 $6245$aIl mondo Arabo alla vigilia di una svolta$9(OLS)http://semarc/title/294553 996 $6260$aMilano :$bJaca Book$9(OLS)http://semarc/publisher/29781